| 000 -LEADER |
| fixed length control field |
01530cam a2200409Mi 4500 |
| 001 - CONTROL NUMBER |
| control field |
.b25932202 |
| 003 - CONTROL NUMBER IDENTIFIER |
| control field |
OCoLC |
| 005 - DATE AND TIME OF LATEST TRANSACTION |
| control field |
20250307085637.0 |
| 008 - FIXED-LENGTH DATA ELEMENTS--GENERAL INFORMATION |
| fixed length control field |
161125s2013 enk 000 1 eng d |
| 020 ## - INTERNATIONAL STANDARD BOOK NUMBER |
| International Standard Book Number |
9780007350841 |
| Qualifying information |
(pbk.) |
| 020 ## - INTERNATIONAL STANDARD BOOK NUMBER |
| International Standard Book Number |
0007350848 |
| Qualifying information |
(pbk.) |
| 035 ## - SYSTEM CONTROL NUMBER |
| System control number |
(OCoLC)880604143 |
| 040 ## - CATALOGING SOURCE |
| Original cataloging agency |
TAC |
| Language of cataloging |
eng |
| Description conventions |
rda |
| Transcribing agency |
TAC |
| Modifying agency |
OCLCO |
| -- |
OCLCF |
| -- |
OCLCA |
| -- |
BKL |
| -- |
OCLCO |
| -- |
OCLCQ |
| -- |
RDI |
| -- |
KH8 |
| 042 ## - AUTHENTICATION CODE |
| Authentication code |
nbic |
| 082 04 - DEWEY DECIMAL CLASSIFICATION NUMBER |
| Classification number |
823.5 DEF |
| Edition number |
23 |
| 100 1# - MAIN ENTRY--PERSONAL NAME |
| Personal name |
Defoe, Daniel, |
| Dates associated with a name |
1661-1731, |
| Relator term |
author. |
| 245 10 - TITLE STATEMENT |
| Title |
Robinson Crusoe / |
| Statement of responsibility, etc. |
Daniel Defoe. |
| 260 ## - PUBLICATION, DISTRIBUTION, ETC. |
| Date of publication, distribution, etc. |
2013. |
| 264 #1 - PRODUCTION, PUBLICATION, DISTRIBUTION, MANUFACTURE, AND COPYRIGHT NOTICE |
| Place of production, publication, distribution, manufacture |
Hammersmith, London : |
| Name of producer, publisher, distributor, manufacturer |
HarperPress, an imprint of Harper Collins Publishers, |
| Date of production, publication, distribution, manufacture, or copyright notice |
2013. |
| 300 ## - PHYSICAL DESCRIPTION |
| Extent |
viii, 290 pages ; |
| Dimensions |
18 cm. |
| 336 ## - CONTENT TYPE |
| Content type term |
text |
| Content type code |
txt |
| Source |
rdacontent. |
| 337 ## - MEDIA TYPE |
| Media type term |
unmediated |
| Media type code |
n |
| Source |
rdamedia. |
| 338 ## - CARRIER TYPE |
| Carrier type term |
volume |
| Carrier type code |
nc |
| Source |
rdacarrier. |
| 490 0# - SERIES STATEMENT |
| Series statement |
Collins classics. |
| 520 ## - SUMMARY, ETC. |
| Summary, etc. |
On a desolate tropical island, a shipwrecked British seaman tries to master his hostile environment and remain civilized. |
| 650 #0 - SUBJECT ADDED ENTRY--TOPICAL TERM |
| Topical term or geographic name entry element |
Crusoe, Robinson (Fictitious character) |
| Form subdivision |
Fiction. |
| 650 #0 - SUBJECT ADDED ENTRY--TOPICAL TERM |
| Topical term or geographic name entry element |
Shipwreck survival |
| Form subdivision |
Fiction. |
| 650 #0 - SUBJECT ADDED ENTRY--TOPICAL TERM |
| Topical term or geographic name entry element |
Castaways |
| Form subdivision |
Fiction. |
| 650 #0 - SUBJECT ADDED ENTRY--TOPICAL TERM |
| Topical term or geographic name entry element |
Islands |
| Form subdivision |
Fiction. |
| 650 #7 - SUBJECT ADDED ENTRY--TOPICAL TERM |
| Topical term or geographic name entry element |
Castaways. |
| Source of heading or term |
fast |
| Authority record control number or standard number |
(OCoLC)fst00848392. |
| 650 #7 - SUBJECT ADDED ENTRY--TOPICAL TERM |
| Topical term or geographic name entry element |
Crusoe, Robinson (Fictitious character) |
| Source of heading or term |
fast |
| Authority record control number or standard number |
(OCoLC)fst00884438. |
| 650 #7 - SUBJECT ADDED ENTRY--TOPICAL TERM |
| Topical term or geographic name entry element |
Islands. |
| Source of heading or term |
fast |
| Authority record control number or standard number |
(OCoLC)fst00980104. |
| 650 #7 - SUBJECT ADDED ENTRY--TOPICAL TERM |
| Topical term or geographic name entry element |
Shipwreck survival. |
| Source of heading or term |
fast |
| Authority record control number or standard number |
(OCoLC)fst01761960. |
| 655 #7 - INDEX TERM--GENRE/FORM |
| Genre/form data or focus term |
Fiction. |
| Source of term |
fast |
| Authority record control number or standard number |
(OCoLC)fst01423787. |
| 655 #7 - INDEX TERM--GENRE/FORM |
| Genre/form data or focus term |
Adventure fiction. |
| Source of term |
gsafd. |
| 942 ## - ADDED ENTRY ELEMENTS (KOHA) |
| Source of classification or shelving scheme |
|
| Koha item type |
Books - Non Ficton |